|
|
|
|
| LEADER |
00000nam a2200000 4500 |
| 003 |
SK-BrCVT |
| 005 |
20220617161114.0 |
| 008 |
880101s1983 rur e ||||||rus d |
| 035 |
|
|
|a CVTIDW0907948
|
| 040 |
|
|
|b slo
|a CVTI SR
|
| 041 |
0 |
|
|a rus
|
| 044 |
|
|
|a rur
|
| 080 |
|
|
|a 622.691+622.279.5
|2 UDC-MRF
|
| 080 |
|
|
|a 665.612
|2 UDC-MRF
|
| 100 |
1 |
|
|a Gricenko, Aleksandr Ivanovič
|
| 242 |
1 |
0 |
|a Uhľovodíkové kondenzáty ložísk zemného plynu
|
| 245 |
1 |
0 |
|a Uglevodorodnyje kondensaty mestoroždenij prirodnogo gaza /
|c Aleksandr Ivanovič Gricenko, Taisija Dmitrijevna Ostrovskaja, Vladimir Viktorovič Juškin
|
| 260 |
|
|
|a Moskva :
|b Nedra,
|c 1983
|
| 300 |
|
|
|a 262 s.
|
| 692 |
|
|
|a sm MM
|
| 700 |
1 |
|
|a Ostrovskaja, Taisija Dmitrijevna
|
| 700 |
1 |
|
|a Juškin, Vladimir Viktorovič
|
| 910 |
|
|
|b A443003
|
| 974 |
|
|
|f Knihy
|
| 992 |
|
|
|a AMG
|
| 999 |
|
|
|c 59058
|d 59058
|